[Event "Landesliga Ost MVP 2013-14"]
[Site "?"]
[Date "2014.04.06"]
[Round "8.8"]
[White "Zwerg, Kelvin"]
[Black "Friedrich, Joerg"]
[Result "0-1"]
[WhiteElo "1419"]
[BlackElo "1648"]
[PlyCount "94"]
[EventType "team-tourn"]
[EventRounds "9"]
[EventCountry "GER"]
[WhiteTeam "ESV Waren"]
[BlackTeam "SG Eintracht Neubrandenburg II"]
[WhiteTeamCountry "GER"]
[BlackTeamCountry "GER"]

1. d4 Nf6 2. c4 d6 3. Nc3 g6 4. Nf3 Bg4 5. h3 Bd7 6. e3 Bg7 7. Bd3 O-O 8. O-O
c6 9. b3 Qc8 10. Bb2 Na6 11. Qe2 Nc7 12. Rac1 Re8 13. Qc2 e5 14. dxe5 dxe5 15.
e4 Nh5 16. Na4 b6 17. c5 b5 18. Nc3 Nf4 19. Ne2 Nxg2 20. Kxg2 Bxh3+ 21. Kh2 Qg4
22. Ng3 Bxf1 23. Bxf1 Qxf3 24. Bg2 Qf6 25. Bc3 Ne6 26. Ba5 Qh4+ 27. Kg1 Nd4 28.
Qb2 Bh6 29. Rc3 Bf4 30. Rd3 Qg4 31. Bc3 Bxg3 32. Bxd4 exd4 33. fxg3 Rad8 34.
Qf2 a5 35. Qf6 Qe6 36. Qg5 Qe5 37. Qc1 f5 38. exf5 Qxf5 39. Rf3 Qe5 40. Qd2
Qe1+ 41. Qxe1 Rxe1+ 42. Kf2 Re5 43. Rf6 Rxc5 44. Rxc6 Rxc6 45. Bxc6 d3 46. Ke1
d2+ 47. Kd1 b4 0-1

[Event "Landesliga Ost MVP 2013-14"]
[Site "?"]
[Date "2014.04.28"]
[Round "9.1"]
[White "Scheel, Henrik"]
[Black "Dao Xuan, Duong"]
[Result "1/2-1/2"]
[WhiteElo "1901"]
[BlackElo "1731"]
[PlyCount "76"]
[EventType "team-tourn"]
[EventRounds "9"]
[EventCountry "GER"]
[WhiteTeam "SV Rugia Bergen"]
[BlackTeam "SG Eintracht Neubrandenburg II"]
[WhiteTeamCountry "GER"]
[BlackTeamCountry "GER"]

1. d4 Nf6 2. c4 g6 3. Nc3 Bg7 4. e4 d6 5. Be3 O-O 6. Bd3 Nbd7 7. f4 e5 8. Nf3
Ng4 9. Qd2 Nxe3 10. Qxe3 exd4 11. Nxd4 Nc5 12. O-O f5 13. Nb3 Nxd3 14. Qxd3 c6
15. Rad1 Be6 16. exf5 Rxf5 17. Nd4 Qb6 18. Na4 Bxd4+ 19. Qxd4 Qxd4+ 20. Rxd4
Rd8 21. Rfd1 Kf7 22. Nc3 d5 23. cxd5 Bxd5 24. g4 Rf6 25. Ne4 Rxf4 26. Ng5+ Kf6
27. Nxh7+ Ke5 28. Rxf4 Kxf4 29. Nf6 Rd6 30. g5 Re6 31. Nxd5+ cxd5 32. Rxd5 Re2
33. Rb5 Kf3 34. Rb3+ Re3 35. Rxe3+ Kxe3 36. Kg2 Kf4 37. Kf2 Kxg5 38. Kg3 Kh5
1/2-1/2

[Event "Landesliga Ost MVP 2013-14"]
[Site "?"]
[Date "2014.04.27"]
[Round "9.2"]
[White "Rehbein, Hans Juergen"]
[Black "Pawlick, Helmut"]
[Result "0-1"]
[WhiteElo "1652"]
[BlackElo "1871"]
[PlyCount "72"]
[EventType "team-tourn"]
[EventRounds "9"]
[EventCountry "GER"]
[WhiteTeam "SG Eintracht Neubrandenburg II"]
[BlackTeam "SV Rugia Bergen"]
[WhiteTeamCountry "GER"]
[BlackTeamCountry "GER"]

1. Nf3 Nf6 2. b3 d5 3. Bb2 c5 4. e3 Nc6 5. d3 Qc7 6. Nbd2 e5 7. e4 dxe4 8. dxe4
Bg4 9. Bb5 Bd6 10. O-O O-O-O 11. c3 h6 12. Qc2 g5 13. Rfe1 Nh5 14. g3 Ng7 15.
Bxc6 Qxc6 16. c4 f6 17. Kg2 Ne6 18. h3 Bxf3+ 19. Nxf3 h5 20. Nh2 f5 21. Nf3 g4
22. Nxe5 gxh3+ 23. Kxh3 Ng5+ 24. Kg2 Bxe5 25. Bxe5 Rhe8 26. Bf4 Ne6 27. Be5 Nd4
28. Bxd4 cxd4 29. f3 d3 30. Qd2 fxe4 31. fxe4 Rxe4 32. Kh2 h4 33. Qg2 hxg3+ 34.
Qxg3 Rh8+ 35. Kg1 Reh4 36. Qxd3 Rh1+ 0-1

[Event "Landesliga Ost MVP 2013-14"]
[Site "?"]
[Date "2014.04.27"]
[Round "9.3"]
[White "Pawlowicz, Wolfgang"]
[Black "Buenz, Heinrich"]
[Result "1-0"]
[WhiteElo "1755"]
[BlackElo "1714"]
[PlyCount "133"]
[EventType "team-tourn"]
[EventRounds "9"]
[EventCountry "GER"]
[SourceDate "2014.04.27"]
[WhiteTeam "SV Rugia Bergen"]
[BlackTeam "SG Eintracht Neubrandenburg II"]
[WhiteTeamCountry "GER"]
[BlackTeamCountry "GER"]

1. c4 Nf6 2. Nc3 d5 3. cxd5 Nxd5 4. Nf3 Nc6 5. g3 Nxc3 6. bxc3 e5 7. d3 Bd6 8.
Bg2 O-O 9. O-O f5 10. Qb3+ Kh8 11. Ng5 Qe7 12. Bd5 Nd8 13. a4 f4 14. Ne4 Bh3
15. Re1 c6 16. Nxd6 Qxd6 17. Bg2 Bxg2 18. Kxg2 Qd5+ 19. Qxd5 cxd5 20. Ba3 Rf7
21. Rab1 g5 22. Rb5 Rd7 23. e3 Rc8 24. exf4 Rxc3 25. Bb2 Rxd3 26. Rxe5 d4 27.
Rxg5 Rd1 28. Rbd5 Rxd5 29. Rxd5 Nc6 30. Rd7 Kg8 31. Kf3 d3 32. Bc3 Kf8 33. Ke3
Rh1 34. Rxh7 Nd8 35. Kxd3 Nf7 36. Rh5 Rd1+ 37. Ke2 Rb1 38. Rb5 Rxb5 39. axb5
Ke7 40. Kd3 Nh6 41. f3 Nf5 42. Be5 Ke6 43. Ke4 a6 44. g4 Nh4 45. f5+ Ke7 46.
bxa6 bxa6 47. g5 Kf7 48. g6+ Ke7 49. f6+ Ke6 50. f7 Nxg6 51. Bc3 Kxf7 52. f4
Nh4 53. f5 Kg8 54. Kf4 Kf7 55. Kg4 Ng2 56. Bd2 Kf6 57. Kg3 Kxf5 58. Kxg2 Kg4
59. Be1 Kh5 60. Kh3 Kg5 61. Kg3 Kg6 62. Kg4 Kh7 63. Kg5 Kg7 64. h4 Kh7 65. h5
Kg7 66. h6+ Kh7 67. Bc3 1-0

[Event "Landesliga Ost MVP 2013-14"]
[Site "?"]
[Date "2014.04.27"]
[Round "9.5"]
[White "Tabbert, Dirk"]
[Black "Stock, Joachim"]
[Result "1/2-1/2"]
[WhiteElo "1588"]
[BlackElo "1580"]
[PlyCount "44"]
[EventType "team-tourn"]
[EventRounds "9"]
[EventCountry "GER"]
[WhiteTeam "SV Rugia Bergen"]
[BlackTeam "SG Eintracht Neubrandenburg II"]
[WhiteTeamCountry "GER"]
[BlackTeamCountry "GER"]

1. c4 e5 2. Nc3 Nf6 3. g3 Nc6 4. Bg2 Bc5 5. e4 Nd4 6. Nge2 O-O 7. O-O Ne6 8. h3
a6 9. d3 d6 10. Kh2 h5 11. f4 h4 12. g4 Nh7 13. f5 Nd4 14. Rb1 Nxe2 15. Qxe2 c6
16. Be3 Bxe3 17. Qxe3 Bd7 18. b4 b5 19. a4 bxa4 20. Ra1 Qg5 21. Qxg5 Nxg5 22.
Nxa4 Rfb8 1/2-1/2

[Event "Landesliga Ost MVP 2013-14"]
[Site "?"]
[Date "2014.04.27"]
[Round "9.6"]
[White "Sommer, Hans Hermann"]
[Black "Pawlowicz, Karsten"]
[Result "0-1"]
[WhiteElo "1663"]
[BlackElo "1558"]
[PlyCount "62"]
[EventType "team-tourn"]
[EventRounds "9"]
[EventCountry "GER"]
[WhiteTeam "SG Eintracht Neubrandenburg II"]
[BlackTeam "SV Rugia Bergen"]
[WhiteTeamCountry "GER"]
[BlackTeamCountry "GER"]

1. e4 c5 2. d4 cxd4 3. c3 dxc3 4. Nxc3 a6 5. Nf3 Nc6 6. Bc4 e6 7. O-O b5 8. Bb3
Nf6 9. e5 Ng4 10. Bf4 Nh6 11. Bxh6 gxh6 12. Ne4 Be7 13. Nd6+ Bxd6 14. exd6 Qf6
15. Qe2 Rg8 16. Rfd1 Bb7 17. Bd5 O-O-O 18. Bxc6 Bxc6 19. Rac1 Kb7 20. Ne1 Rg5
21. g3 Rdg8 22. Rxc6 dxc6 23. Rd3 Rd5 24. Rf3 Qg6 25. Nd3 Rd8 26. Nf4 Qb1+ 27.
Kg2 R5xd6 28. Nh3 R8d7 29. Qe5 Qc2 30. Rxf7 Rxf7 31. Qxd6 Qe4+ 0-1

[Event "Landesliga Ost MVP 2013-14"]
[Site "?"]
[Date "2014.04.27"]
[Round "9.7"]
[White "Pawlick, Hannes"]
[Black "Friedrich, Joerg"]
[Result "1/2-1/2"]
[WhiteElo "1653"]
[BlackElo "1648"]
[PlyCount "39"]
[EventType "team-tourn"]
[EventRounds "9"]
[EventCountry "GER"]
[WhiteTeam "SV Rugia Bergen"]
[BlackTeam "SG Eintracht Neubrandenburg II"]
[WhiteTeamCountry "GER"]
[BlackTeamCountry "GER"]

1. e4 c5 2. Nf3 Nc6 3. Bb5 Nd4 4. Nc3 a6 5. Be2 e6 6. d3 b5 7. O-O b4 8. Na4
Qa5 9. b3 Bb7 10. Be3 Nxe2+ 11. Qxe2 d5 12. exd5 Bxd5 13. Nd2 Rc8 14. Nc4 Bxc4
15. dxc4 Nf6 16. Rad1 Be7 17. Rd2 O-O 18. f3 Rfd8 19. Rfd1 Rxd2 20. Rxd2
1/2-1/2

[Event "Landesliga Ost MVP 2013-14"]
[Site "?"]
[Date "2014.04.27"]
[Round "9.2"]
[White "Oergel, Ullrich"]
[Black "Schumacher, Albrecht"]
[Result "0-1"]
[WhiteElo "1740"]
[BlackElo "1925"]
[PlyCount "102"]
[EventType "team-tourn"]
[EventRounds "9"]
[EventCountry "GER"]
[WhiteTeam "SC Seehotel Binz-Therme Rügen"]
[BlackTeam "ESV Waren"]
[WhiteTeamCountry "GER"]
[BlackTeamCountry "GER"]

1. c4 Nf6 2. Nc3 e6 3. g3 d5 4. cxd5 exd5 5. d4 Be7 6. Bg2 O-O 7. Nf3 c6 8. O-O
Bf5 9. a3 h6 10. Nd2 Nbd7 11. e4 dxe4 12. Ndxe4 Nxe4 13. Nxe4 Bxe4 14. Bxe4 Nf6
15. Bg2 Qd7 16. Be3 Nd5 17. Bxd5 Qxd5 18. Qc2 Bd6 19. b4 Kh8 20. Rac1 f5 21. f4
Rae8 22. Bf2 Re4 23. Rfd1 Rfe8 24. Qc4 Qxc4 25. Rxc4 Ra8 26. Rc3 a5 27. bxa5
Rxa5 28. Rdd3 Kg8 29. Kf1 Kf7 30. Rb3 Re7 31. Be1 Ra8 32. Bf2 Ra5 33. Rbc3 Ke6
34. Rb3 Kd5 35. Rdc3 b5 36. Rb1 Bxa3 37. Ra1 Bb4 38. Rcc1 Rxa1 39. Rxa1 Bc3 40.
Rc1 b4 41. Rb1 Kc4 42. Kg2 b3 43. Kf3 b2 44. Be3 Kd3 45. Bc1 bxc1=Q 46. Rxc1
Kxd4 47. Rd1+ Kc4 48. g4 fxg4+ 49. Kxg4 c5 50. h4 Kb3 51. Kf5 c4 0-1

[Event "Landesliga Ost MVP 2013-14"]
[Site "?"]
[Date "2014.04.27"]
[Round "9.3"]
[White "Wittig, Harry"]
[Black "Horch, Helmut"]
[Result "1/2-1/2"]
[WhiteElo "1867"]
[BlackElo "1697"]
[PlyCount "84"]
[EventType "team-tourn"]
[EventRounds "9"]
[EventCountry "GER"]
[WhiteTeam "ESV Waren"]
[BlackTeam "SC Seehotel Binz-Therme Rügen"]
[WhiteTeamCountry "GER"]
[BlackTeamCountry "GER"]

1. d4 e6 2. Nf3 d5 3. e3 Nf6 4. Bd3 Be7 5. Nbd2 Nbd7 6. O-O O-O 7. c3 c5 8. Re1
b6 9. e4 dxe4 10. Nxe4 Bb7 11. Qe2 cxd4 12. cxd4 Nxe4 13. Bxe4 Bxe4 14. Qxe4
Nf6 15. Qe2 Rc8 16. Bg5 Nd5 17. Bxe7 Qxe7 18. Rac1 Rc7 19. a3 Rfc8 20. Qd2 h6
21. g3 Qf6 22. Rxc7 Rxc7 23. Kg2 Qf5 24. Re2 g5 25. h3 Kg7 26. Re5 Qc2 27. Re2
Qxd2 28. Rxd2 f6 29. Ne1 Rc4 30. Nc2 Kg6 31. Kf3 f5 32. Ke2 f4 33. Kd3 b5 34.
Ke4 Kf6 35. Re2 a5 36. Kd3 Rc7 37. Ne1 b4 38. axb4 Nxb4+ 39. Ke4 fxg3 40. fxg3
Rc1 41. Rf2+ Ke7 42. Re2 Kf6 1/2-1/2

[Event "Landesliga Ost MVP 2013-14"]
[Site "?"]
[Date "2014.04.27"]
[Round "9.4"]
[White "Ilanz, Kazimierz"]
[Black "Schreiner, Wolfgang"]
[Result "0-1"]
[WhiteElo "1602"]
[BlackElo "1789"]
[PlyCount "42"]
[EventType "team-tourn"]
[EventRounds "9"]
[EventCountry "GER"]
[WhiteTeam "SC Seehotel Binz-Therme Rügen"]
[BlackTeam "ESV Waren"]
[WhiteTeamCountry "GER"]
[BlackTeamCountry "GER"]

1. e4 c5 2. Nf3 e6 3. d4 cxd4 4. Nxd4 a6 5. a3 Qc7 6. Nc3 Nf6 7. Be2 b5 8. O-O
Bb7 9. Bf3 Nc6 10. Nxc6 dxc6 11. Qe2 Bd6 12. h3 Nd7 13. Qe3 O-O 14. Bd2 Rae8
15. Qe1 f5 16. Be3 Ne5 17. Be2 f4 18. Bd4 f3 19. Bd1 fxg2 20. Kxg2 Ng6 21. Rg1
c5 0-1

[Event "Landesliga Ost MVP 2013-14"]
[Site "?"]
[Date "2014.04.27"]
[Round "9.5"]
[White "Lotz, Robert"]
[Black "Koesterke, Klaus"]
[Result "1-0"]
[WhiteElo "1736"]
[BlackElo "1386"]
[PlyCount "97"]
[EventType "team-tourn"]
[EventRounds "9"]
[EventCountry "GER"]
[WhiteTeam "ESV Waren"]
[BlackTeam "SC Seehotel Binz-Therme Rügen"]
[WhiteTeamCountry "GER"]
[BlackTeamCountry "GER"]

1. e4 e5 2. Nf3 d6 3. Bc4 Bg4 4. d3 h6 5. h3 Bh5 6. Be3 Nd7 7. O-O g5 8. g4 Bg6
9. Kg2 Be7 10. Nc3 c6 11. d4 Qc7 12. dxe5 dxe5 13. Nd2 b6 14. f3 a5 15. a4 Ngf6
16. Qe2 Rd8 17. Qf2 Bc5 18. Nb3 Bxe3 19. Qxe3 Ke7 20. Rad1 Nb8 21. Rxd8 Rxd8
22. Rh1 Nh7 23. h4 f6 24. hxg5 hxg5 25. Rh6 Nf8 26. Ne2 Rd1 27. Nc3 Rd8 28. Qg1
Ke8 29. Qe3 Rd7 30. Ne2 Bf7 31. Bxf7+ Rxf7 32. Ng3 c5 33. Nd2 c4 34. Qc3 Qd8
35. Nxc4 Rc7 36. Nf5 Rc6 37. Rh1 Rxc4 38. Qxc4 Qd2+ 39. Kg3 Qf4+ 40. Kf2 Qd2+
41. Qe2 Qf4 42. Qe3 Nbd7 43. Nd6+ Kd8 44. Nc4 Kc7 45. Qxf4 exf4 46. b3 Ne6 47.
Rd1 Nd8 48. Rxd7+ Kxd7 49. Nxb6+ 1-0

[Event "Landesliga Ost MVP 2013-14"]
[Site "?"]
[Date "2014.04.27"]
[Round "9.6"]
[White "Mueller, Wilfried"]
[Black "Mayerhoff, Lothar"]
[Result "1/2-1/2"]
[WhiteElo "1361"]
[BlackElo "1570"]
[PlyCount "45"]
[EventType "team-tourn"]
[EventRounds "9"]
[EventCountry "GER"]
[WhiteTeam "SC Seehotel Binz-Therme Rügen"]
[BlackTeam "ESV Waren"]
[WhiteTeamCountry "GER"]
[BlackTeamCountry "GER"]

1. c4 c5 2. Nc3 g6 3. Nf3 Bg7 4. e4 d6 5. g3 Nc6 6. Bg2 Rb8 7. O-O Bg4 8. h3
Bd7 9. d3 Qc8 10. a3 Bxh3 11. Bxh3 Qxh3 12. Ng5 Qd7 13. f4 h6 14. Nf3 Qh3 15.
Ne2 Nf6 16. Rf2 Ng4 17. Rg2 Nd4 18. Nexd4 Bxd4+ 19. Nxd4 cxd4 20. Qa4+ Kf8 21.
Qxa7 Kg7 22. Qxd4+ f6 23. Bd2 1/2-1/2

[Event "Landesliga Ost MVP 2013-14"]
[Site "?"]
[Date "2014.04.27"]
[Round "9.7"]
[White "Wuttke, Reiner"]
[Black "Gorlt, Guenter"]
[Result "0-1"]
[WhiteElo "1511"]
[BlackElo "1409"]
[PlyCount "104"]
[EventType "team-tourn"]
[EventRounds "9"]
[EventCountry "GER"]
[WhiteTeam "ESV Waren"]
[BlackTeam "SC Seehotel Binz-Therme Rügen"]
[WhiteTeamCountry "GER"]
[BlackTeamCountry "GER"]

1. e4 e6 2. d4 d5 3. Nc3 Bb4 4. e5 c5 5. a3 cxd4 6. Qxd4 Bxc3+ 7. Qxc3 Nc6 8.
Qg3 Nge7 9. Bb5 Qa5+ 10. b4 Qxb5 11. Ne2 Ng6 12. Bb2 Qc4 13. Kd2 Nce7 14. Nd4
Bd7 15. Rae1 Rc8 16. c3 Nc6 17. Nxc6 Bxc6 18. Qe3 a6 19. g3 O-O 20. f4 Qe4 21.
a4 Qxe3+ 22. Rxe3 Ne7 23. g4 Rfd8 24. a5 Bb5 25. Rc1 Rc4 26. Rf3 Ng6 27. Rcf1
Ba4 28. Ke3 Re4+ 29. Kd2 Bb5 30. R1f2 Rc8 31. h3 Rcc4 32. f5 Nxe5 33. Rg3 Bd7
34. fxe6 Bxe6 35. Rg1 Rf4 36. Rgg2 Nf3+ 37. Kd1 Nh4 38. Rh2 Rxf2 39. Rxf2 Ng6
40. Rf3 Ne5 41. Re3 f6 42. Bc1 Kf7 43. Bd2 Rf4 44. g5 Rf3 45. h4 Rxe3 46. Bxe3
Kg6 47. gxf6 gxf6 48. Ke2 Bg4+ 49. Kf2 Nf3 50. Kg3 h5 51. Bf2 Kf5 52. Kg2 Ke4
0-1

[Event "Landesliga Ost MVP 2013-14"]
[Site "?"]
[Date "2014.04.27"]
[Round "9.8"]
[White "Mundt, Friedhelm"]
[Black "Kollark, Lukas"]
[Result "0-1"]
[WhiteElo "1181"]
[BlackElo "1363"]
[PlyCount "46"]
[EventType "team-tourn"]
[EventRounds "9"]
[EventCountry "GER"]
[WhiteTeam "SC Seehotel Binz-Therme Rügen"]
[BlackTeam "ESV Waren"]
[WhiteTeamCountry "GER"]
[BlackTeamCountry "GER"]

1. e4 e5 2. Nf3 d6 3. d4 exd4 4. Nxd4 Nf6 5. Bg5 Be7 6. Bd3 Bg4 7. f3 Bh5 8.
O-O Nbd7 9. Qd2 O-O 10. Nc3 Nc5 11. Rae1 Ne6 12. Nd5 Nxd4 13. e5 Nxd5 14. Bxh7+
Kxh7 15. Qxd4 Bxg5 16. Qxd5 dxe5 17. Qxe5 Re8 18. Qg3 Rxe1 19. Rxe1 Bh4 20. Qe5
Bxe1 21. Qxh5+ Kg8 22. g4 Qd4+ 23. Kg2 Qf2+ 0-1

[Event "Landesliga Ost MVP 2013-14"]
[Site "?"]
[Date "2014.04.27"]
[Round "9.1"]
[White "Pruesse, Horst"]
[Black "Patzenhauer, Max"]
[Result "1-0"]
[WhiteElo "1947"]
[BlackElo "1858"]
[PlyCount "39"]
[EventType "team-tourn"]
[EventRounds "9"]
[EventCountry "GER"]
[WhiteTeam "SG Eintracht Neubrandenburg"]
[BlackTeam "SV Motor Wolgast 1949"]
[WhiteTeamCountry "GER"]
[BlackTeamCountry "GER"]

1. e4 g6 2. Nc3 Bg7 3. f4 d6 4. Nf3 a6 5. Bc4 e6 6. O-O Ne7 7. d3 b5 8. Bb3 Bb7
9. Qe1 O-O 10. Qh4 d5 11. f5 exf5 12. Bh6 fxe4 13. Ng5 Nf5 14. Rxf5 gxf5 15.
Bxg7 Kxg7 16. Qxh7+ Kf6 17. Qh6+ Ke5 18. Nf3+ exf3 19. Re1+ Kd4 20. Qe3# 1-0

[Event "Landesliga Ost MVP 2013-14"]
[Site "?"]
[Date "2014.04.27"]
[Round "9.2"]
[White "Reinke, Thomas"]
[Black "Rossmann, Andreas"]
[Result "1/2-1/2"]
[WhiteElo "1847"]
[BlackElo "1977"]
[PlyCount "116"]
[EventType "team-tourn"]
[EventRounds "9"]
[EventCountry "GER"]
[WhiteTeam "SV Motor Wolgast 1949"]
[BlackTeam "SG Eintracht Neubrandenburg"]
[WhiteTeamCountry "GER"]
[BlackTeamCountry "GER"]

1. e4 d6 2. d4 Nf6 3. Bd3 g6 4. Nf3 Bg7 5. O-O O-O 6. Bg5 Bg4 7. Nbd2 Nc6 8. c3
e5 9. d5 Nb8 10. h3 Bc8 11. Nh2 c6 12. c4 h6 13. Be3 Nbd7 14. Qc2 a5 15. Rad1
c5 16. a4 Nh5 17. f4 exf4 18. Bxf4 Nxf4 19. Rxf4 Qg5 20. Rff1 Ne5 21. Ndf3 Qg3
22. Nxe5 Bxe5 23. Nf3 Bf4 24. Qf2 Qxf2+ 25. Kxf2 Re8 26. b3 h5 27. Rde1 Bd7 28.
g3 Be5 29. Kg2 Bg7 30. Re2 Re7 31. Rc1 Rae8 32. Rcc2 f5 33. exf5 Rxe2+ 34. Rxe2
Rxe2+ 35. Bxe2 Bxf5 36. Bd1 Bh6 37. h4 Kf7 38. Kf2 Kf6 39. Ng1 Bd3 40. Ne2 Ke5
41. Nc3 Bf5 42. Ke1 Bf8 43. Kd2 Be7 44. Ke3 g5 45. Bxh5 gxh4 46. gxh4 Bxh4 47.
Kd2 Bg5+ 48. Kd1 Bf4 49. Bf3 Bd3 50. Be2 Kd4 51. Nb5+ Ke3 52. Bh5 Be5 53. Kc1
Bf5 54. Bd1 Bd7 55. Bc2 Bf4 56. Kb2 Kd2 57. Bg6 Be5+ 58. Ka2 Bg4 1/2-1/2

[Event "Landesliga Ost MVP 2013-14"]
[Site "?"]
[Date "2014.04.27"]
[Round "9.3"]
[White "Stoevesand, Eric"]
[Black "Riebort, Frank"]
[Result "1-0"]
[WhiteElo "1929"]
[BlackElo "1932"]
[PlyCount "81"]
[EventType "team-tourn"]
[EventRounds "9"]
[EventCountry "GER"]
[WhiteTeam "SG Eintracht Neubrandenburg"]
[BlackTeam "SV Motor Wolgast 1949"]
[WhiteTeamCountry "GER"]
[BlackTeamCountry "GER"]

1. e4 e5 2. Nf3 Nf6 3. Nxe5 d6 4. Nf3 Nxe4 5. d4 d5 6. Bd3 Be7 7. h3 Nc6 8. O-O
O-O 9. Bf4 f5 10. c3 g5 11. Bh2 Be6 12. Nbd2 Bd6 13. Bxd6 cxd6 14. Qb3 Qe7 15.
Rae1 g4 16. hxg4 fxg4 17. Nxe4 dxe4 18. Bc4 Bxc4 19. Qxc4+ Kh8 20. Nd2 g3 21.
Rxe4 Qg5 22. Qe2 gxf2+ 23. Rxf2 Rxf2 24. Qxf2 Rg8 25. Rf4 Ne7 26. Ne4 Qg6 27.
Qf3 Nd5 28. Rf5 Qxg2+ 29. Qxg2 Rxg2+ 30. Kxg2 Ne3+ 31. Kf3 Nxf5 32. Kf4 Ne7 33.
Nxd6 b6 34. Ke5 Kg8 35. Nf5 Ng6+ 36. Kf6 Kf8 37. Nd6 Ne7 38. Ke6 h5 39. Ke5 Kg7
40. Nf5+ Nxf5 41. Kxf5 1-0

[Event "Landesliga Ost MVP 2013-14"]
[Site "?"]
[Date "2014.04.27"]
[Round "9.4"]
[White "Zimmermann, Frank"]
[Black "Kunow, Frank"]
[Result "0-1"]
[WhiteElo "1606"]
[BlackElo "1793"]
[PlyCount "62"]
[EventType "team-tourn"]
[EventRounds "9"]
[EventCountry "GER"]
[WhiteTeam "SV Motor Wolgast 1949"]
[BlackTeam "SG Eintracht Neubrandenburg"]
[WhiteTeamCountry "GER"]
[BlackTeamCountry "GER"]

1. f4 c5 2. Nf3 Nc6 3. e4 g6 4. g3 Bg7 5. Bg2 d6 6. O-O Nf6 7. Nc3 O-O 8. d3
Rb8 9. Rb1 b5 10. Be3 Ng4 11. Bf2 Nxf2 12. Rxf2 Qa5 13. Qe1 b4 14. Nd5 e6 15.
Ne3 Ba6 16. Nd2 Nd4 17. Ndc4 Qc7 18. c3 bxc3 19. bxc3 Rxb1 20. Qxb1 Rb8 21. Qc1
Nb5 22. Rc2 Qd8 23. Nd1 Nc7 24. Nde3 Nb5 25. Nd1 d5 26. exd5 exd5 27. Ne5 Qd6
28. c4 Nd4 29. Rb2 Rxb2 30. Qxb2 Bxe5 31. fxe5 Qxe5 0-1

[Event "Landesliga Ost MVP 2013-14"]
[Site "?"]
[Date "2014.04.27"]
[Round "9.5"]
[White "Meyer, Detlef"]
[Black "Schellner, Ulf"]
[Result "1/2-1/2"]
[WhiteElo "1827"]
[BlackElo "1642"]
[PlyCount "55"]
[EventType "team-tourn"]
[EventRounds "9"]
[EventCountry "GER"]
[WhiteTeam "SG Eintracht Neubrandenburg"]
[BlackTeam "SV Motor Wolgast 1949"]
[WhiteTeamCountry "GER"]
[BlackTeamCountry "GER"]

1. e4 e5 2. Nf3 Nc6 3. d4 exd4 4. Bc4 Be7 5. c3 dxc3 6. Nxc3 d6 7. a3 Nf6 8.
O-O O-O 9. Re1 Bg4 10. h3 Bh5 11. Bf4 a6 12. Rc1 Ne5 13. Be2 Bxf3 14. Bxf3 Rc8
15. Be2 Nfd7 16. Nd5 c6 17. Nxe7+ Qxe7 18. Qd4 Rfd8 19. Rcd1 Nf8 20. Qe3 Nfg6
21. Bg3 Kh8 22. Rd2 f6 23. Red1 Nf7 24. Bg4 Ra8 25. Bf5 Nge5 26. Qb3 g6 27. Be6
Ng5 28. Bxe5 1/2-1/2

[Event "Landesliga Ost MVP 2013-14"]
[Site "?"]
[Date "2014.04.27"]
[Round "9.6"]
[White "Reimer, Karl"]
[Black "Stoevesand, Peter"]
[Result "0-1"]
[WhiteElo "1619"]
[BlackElo "1831"]
[PlyCount "69"]
[EventType "team-tourn"]
[EventRounds "9"]
[EventCountry "GER"]
[WhiteTeam "SV Motor Wolgast 1949"]
[BlackTeam "SG Eintracht Neubrandenburg"]
[WhiteTeamCountry "GER"]
[BlackTeamCountry "GER"]

1. c4 c5 2. Nc3 e6 3. Nf3 Ne7 4. g3 g6 5. Bg2 Bg7 6. O-O O-O 7. d4 cxd4 8. Nxd4
Nbc6 9. e3 Qb6 10. Ne4 Qb4 11. b3 Nxd4 12. exd4 d5 13. a3 Qa5 14. b4 Qa6 15. b5
Qa5 16. cxd5 Nxd5 17. Rb1 a6 18. b6 Bd7 19. Nc5 Bc6 20. a4 Nc3 21. Qd2 Bxd4 22.
Nb3 Qxb6 23. Nxd4 Qxd4 24. Rb2 Qxd2 25. Rxd2 Bxg2 26. Kxg2 Nxa4 27. Ba3 Rfd8
28. Rfd1 Rxd2 29. Rxd2 Rc8 30. Rd7 b6 31. Bd6 Nc3 32. Be5 Nd5 33. h4 h5 34. Kf3
Ra8 35. Ke4 0-1

[Event "Landesliga Ost MVP 2013-14"]
[Site "?"]
[Date "2014.04.27"]
[Round "9.7"]
[White "Witkowski, Rainer"]
[Black "Klotzsche, Stefan"]
[Result "0-1"]
[WhiteElo "1833"]
[BlackElo "1626"]
[PlyCount "76"]
[EventType "team-tourn"]
[EventRounds "9"]
[EventCountry "GER"]
[WhiteTeam "SG Eintracht Neubrandenburg"]
[BlackTeam "SV Motor Wolgast 1949"]
[WhiteTeamCountry "GER"]
[BlackTeamCountry "GER"]

1. e4 c5 2. c3 a6 3. d4 cxd4 4. cxd4 e6 5. Qa4 Nc6 6. Nf3 Nf6 7. Bd3 d6 8. O-O
Be7 9. b4 Bd7 10. Qb3 b5 11. a3 h6 12. Bb2 d5 13. e5 Nh5 14. Nbd2 Na7 15. Qd1
Nc8 16. Nb3 Nb6 17. Bc1 g5 18. g3 Nc4 19. h3 Qc7 20. Nh2 Ng7 21. Ng4 O-O-O 22.
Nc5 Bxc5 23. bxc5 Rdf8 24. Nf6 Bc6 25. f4 Ne8 26. fxg5 hxg5 27. Qg4 Nxf6 28.
Rxf6 Nxe5 29. Qe2 Nxd3 30. Qxd3 Rxh3 31. Kg2 Rfh8 32. Bxg5 Rh2+ 33. Kf3 Qxg3+
34. Kxg3 R8h3+ 35. Kg4 Rxd3 36. Rxf7 Rg2+ 37. Kh4 Rxd4+ 38. Kh5 Be8 0-1

[Event "Landesliga Ost MVP 2013-14"]
[Site "?"]
[Date "2014.04.27"]
[Round "9.8"]
[White "Lueppker, Helmut"]
[Black "Zibell, Walter"]
[Result "0-1"]
[WhiteElo "1470"]
[BlackElo "1782"]
[PlyCount "66"]
[EventType "team-tourn"]
[EventRounds "9"]
[EventCountry "GER"]
[WhiteTeam "SV Motor Wolgast 1949"]
[BlackTeam "SG Eintracht Neubrandenburg"]
[WhiteTeamCountry "GER"]
[BlackTeamCountry "GER"]

1. e4 c5 2. Nf3 d6 3. Nc3 Nf6 4. d4 cxd4 5. Nxd4 a6 6. Be2 e5 7. Nf3 Be7 8. O-O
Be6 9. b3 Nbd7 10. Bb2 Rc8 11. Rc1 Qa5 12. Qe1 O-O 13. a3 b5 14. b4 Qc7 15. Bd3
Nb6 16. Nd2 Nh5 17. Ne2 Bg5 18. Rb1 Bf4 19. Bc1 d5 20. f3 Be3+ 21. Kh1 Qe7 22.
Nb3 Bxc1 23. Rxc1 d4 24. Nc5 Bc4 25. f4 exf4 26. Nxd4 Rfe8 27. Qe2 Qh4 28. Nf5
Qg5 29. Nd6 Ng3+ 30. Kg1 Nxe2+ 31. Bxe2 Bxe2 32. Rf2 f3 33. g3 Qxc1+ 0-1

[Event "Landesliga Ost MVP 2013-14"]
[Site "?"]
[Date "2014.04.27"]
[Round "9.1"]
[White "Luethke, Hans Eckart"]
[Black "Voelsgen, Georg"]
[Result "1-0"]
[WhiteElo "2096"]
[BlackElo "1943"]
[PlyCount "53"]
[EventType "team-tourn"]
[EventRounds "9"]
[EventCountry "GER"]
[WhiteTeam "SSC Graal-Müritz"]
[BlackTeam "SV Gryps"]
[WhiteTeamCountry "GER"]
[BlackTeamCountry "GER"]

1. Nf3 Nf6 2. b3 d5 3. Bb2 c5 4. e3 Nc6 5. Bb5 Qb6 6. Bxc6+ bxc6 7. d3 Ba6 8.
Nbd2 c4 9. Ne5 cxd3 10. cxd3 e6 11. Rc1 Rc8 12. O-O Be7 13. Qc2 c5 14. f4 O-O
15. Rf3 Rfd8 16. Rh3 g6 17. Ndf3 Nh5 18. g4 Ng7 19. Qf2 Qd6 20. Ng5 Bxg5 21.
fxg5 Rc7 22. Qh4 Nh5 23. gxh5 d4 24. exd4 cxd4 25. Rxc7 Qxc7 26. Qf4 Rd5 27.
Ng4 1-0